| 000 | 004440000a22001690004500 | ||
|---|---|---|---|
| 003 | MACL | ||
| 005 | 20151230131632.0 | ||
| 008 | 151230b xxu||||| |||| 00| 0 eng d | ||
| 040 |
_aMACL _cMACL |
||
| 041 | _aEnglish | ||
| 082 | _a321.07 | ||
| 100 |
_aMore, Sir Thomas _924848 |
||
| 245 | _aThe Utopia and the History of Edward V | ||
| 260 | _bThe Walter Scott publishing co Ltd | ||
| 650 |
_aPolitical Science _988 |
||
| 942 |
_cBK _k321.07 _2ddc |
||
| 999 |
_c36901 _d36901 |
||